| 000 | 01638nam a22003374a 4500 | ||
|---|---|---|---|
| 001 | ebr10067506 | ||
| 003 | CaPaEBR | ||
| 006 | m u | ||
| 007 | cr cn||||||||| | ||
| 008 | 020603s2002 nyuab sb 101 0 eng | ||
| 010 | _z 2002072691 | ||
| 020 | _z0306472945 | ||
| 040 |
_aCaPaEBR _cCaPaEBR |
||
| 035 | _a(OCoLC)614621324 | ||
| 050 | 1 | 4 |
_aTD881 _b.A47524 2001eb |
| 082 | 0 | 4 |
_a628.5/3/015118 _221 |
| 111 | 2 |
_aNATO/CCMS International Technical Meeting on Air Pollution Modeling and its Application _n(25th : _d2001 : _cLouvain-la-Neuve, Belgium) |
|
| 245 | 1 | 0 |
_aAir pollution modeling and its application XV _h[electronic resource] / _cedited by Carlos Borrego and Guy Schayes. |
| 260 |
_aNew York : _bKluwer Academic/Plenum Publishers, _cc2002. |
||
| 300 |
_axvi, 544 p. : _bill., maps. |
||
| 500 | _a"Proceedings of the twenty-fifth NATO/CCMS International Technical Meeting on Air Pollution Modeling and Its Application, held 15-19 October 2001, in Louvain-la-Neuve, Belgium"--T.p. verso. | ||
| 504 | _aIncludes bibliographical references and indexes. | ||
| 533 |
_aElectronic reproduction. _bPalo Alto, Calif. : _cebrary, _d2013. _nAvailable via World Wide Web. _nAccess may be limited to ebrary affiliated libraries. |
||
| 650 | 0 |
_aAir _xPollution _xMathematical models _vCongresses. |
|
| 650 | 0 |
_aAtmospheric diffusion _xMathematical models _vCongresses. |
|
| 655 | 7 |
_aElectronic books. _2local |
|
| 700 | 1 | _aBorrego, C. | |
| 700 | 1 | _aSchayes, Guy. | |
| 710 | 2 | _aebrary, Inc. | |
| 856 | 4 | 0 |
_uhttp://site.ebrary.com/lib/rucke/Doc?id=10067506 _zAn electronic book accessible through the World Wide Web; click to view |
| 999 |
_c162882 _d162882 |
||